Andrew carnegie

Kaydedildi:
Detaylı Bibliyografya
Yazar: Wall, Joseph Frazier
Materyal Türü: Kitap
Dil:Undetermined
Baskı/Yayın Bilgisi: New York Oxford University Press 1970
Konular:
Etiketler: Etiketle
Etiket eklenmemiş, İlk siz ekleyin!
Thư viện lưu trữ: Trung tâm Học liệu Trường Đại học Cần Thơ
LEADER 00574nam a2200205Ia 4500
001 CTU_89708
008 210402s9999 xx 000 0 und d
082 |a 973.80924 
082 |b W187 
100 |a Wall, Joseph Frazier 
245 0 |a Andrew carnegie 
245 0 |c Joseph Frazier Wall 
260 |a New York 
260 |b Oxford University Press 
260 |c 1970 
650 |a Philanthropists,Industrialists 
650 |x Biography,Biography 
650 |z United States,United States 
904 |i Bằng 
980 |a Trung tâm Học liệu Trường Đại học Cần Thơ